[Event "Ufa Startsev Memorial Rapid"]
[Site "Ufa"]
[Date "2024.02.04"]
[Round "3"]
[White "Kezin, Roman"]
[Black "Poniaev, Ruslan"]
[Result "1-0"]
[WhiteElo "2486"]
[BlackElo "2228"]
[PlyCount "101"]
[EventDate "2024.02.04"]
[EventType "swiss (rapid)"]
[EventRounds "11"]
[EventCountry "RUS"]
[SourceTitle "CB07_2024"]
[SourceDate "2024.02.14"]
[SourceVersion "1"]
[SourceVersionDate "2024.02.14"]
[SourceQuality "1"]

1. d4 Nf6 2. c4 g6 3. g3 Bg7 4. Bg2 0-0 5. Nc3 c5 6. dxc5 Qa5 7. Nh3 Qxc5 8. Qa4 Nc6 9. 0-0 d6 10. Be3 Qe5 11. Nf4 Bd7 12. Rac1 Rfc8 13. b3 h5 14. Qb5 Rcb8 15. Qxe5 dxe5 16. Nd3 Ne8 17. Nc5 Bc8 18. Na6 bxa6 19. Bxc6 Bb7 20. Nd5 e6 21. Ne7+ Kh7 22. Rfd1 Nf6 23. Bxb7 Rxb7 24. Nc6 Nd7 25. Na5 Rc7 26. Rd6 Bf8 27. Rc6 Rac8 28. Rd1 Nb8 29. Rxc7 Rxc7 30. Rd8 Nd7 31. Nc6 Bc5 32. Bxc5 Nxc5 33. Nxe5 a5 34. f3 Kg7 35. Kf2 Kf6 36. Nd3 Nd7 37. Ke3 Ke7 38. Ra8 Nb6 39. Rb8 a4 40. Kd4 axb3 41. axb3 f6 42. e4 e5+ 43. Kc3 Ke6 44. Nb4 Nd7 45. Rh8 a5 46. Nd5 Rb7 47. Ra8 Nc5 48. Rxa5 Nxb3 49. Ra6+ Kf7 50. Rxf6+ Ke8 51. Rb6 1-0

[Event "Izhevsk Corporation Cup 6th"]
[Site "Izhevsk"]
[Date "2014.07.19"]
[Round "7"]
[White "Poniaev, Ruslan"]
[Black "Predein, Vladimir"]
[Result "1-0"]
[WhiteElo "2279"]
[BlackElo "2386"]
[PlyCount "75"]
[EventDate "2014.07.12"]
[EventType "swiss"]
[EventRounds "9"]
[EventCountry "RUS"]
[SourceTitle "CBM 161 Extra"]
[Source "ChessBase"]
[SourceDate "2014.08.29"]
[SourceVersion "1"]
[SourceVersionDate "2014.08.29"]
[SourceQuality "1"]

1. d4 Nf6 2. c4 g6 3. Nc3 Bg7 4. e4 d6 5. Nf3 0-0 6. Be2 Na6 7. 0-0 e5 8. Re1 c6 9. Bf1 Bg4 10. d5 Nb4 11. Be2 a5 12. Bg5 cxd5 13. cxd5 Bd7 14. Nd2 Qb8 15. a3 Na6 16. Nc4 b6 17. Be3 Nc5 18. Bxc5 bxc5 19. Qc2 Ne8 20. a4 f5 21. Ra3 Qd8 22. Rb3 fxe4 23. Rb7 Bc8 24. Rb6 e3 25. fxe3 Bh6 26. Bd3 Ba6 27. Nb5 Bxb5 28. axb5 Ra7 29. Rc6 Raf7 30. Rf1 Rxf1+ 31. Bxf1 Nf6 32. h3 Nxd5 33. Qd2 Nb4 34. Rxd6 Qh4 35. Nxe5 Qe4 36. Ng4 Bg5 37. Bd3 Qe7 38. Bc4+ 1-0

[Event "Izhevsk Corporation Cup 6th"]
[Site "Izhevsk"]
[Date "2014.07.16"]
[Round "5"]
[White "Poniaev, Ruslan"]
[Black "Looshnikov, Nikolai"]
[Result "1/2-1/2"]
[WhiteElo "2279"]
[BlackElo "2488"]
[PlyCount "120"]
[EventDate "2014.07.12"]
[EventType "swiss"]
[EventRounds "9"]
[EventCountry "RUS"]
[SourceTitle "CBM 161 Extra"]
[Source "ChessBase"]
[SourceDate "2014.08.29"]
[SourceVersion "1"]
[SourceVersionDate "2014.08.29"]
[SourceQuality "1"]

1. d4 Nf6 2. c4 e6 3. g3 d5 4. Bg2 a6 5. Nf3 dxc4 6. 0-0 Nc6 7. Nc3 Rb8 8. e4 Be7 9. Qe2 b5 10. Rd1 0-0 11. d5 exd5 12. e5 d4 13. exf6 Bxf6 14. Qe4 Bb7 15. Nd5 d3 16. Nxf6+ Qxf6 17. Ng5 g6 18. Qh4 h5 19. Qf4 Qxf4 20. Bxf4 Nd4 21. Bxc7 Ne2+ 22. Kf1 Bxg2+ 23. Kxg2 Rb7 24. Bd6 Re8 25. Nh3 b4 26. Nf4 Rd8 27. Be5 Rb5 28. Bf6 Rd6 29. Nxe2 Rxf6 30. Nf4 g5 31. Nxh5 Rd6 32. Rac1 Rc5 33. g4 c3 34. Ng3 c2 35. Rd2 Ra5 36. Ne4 Rd4 37. Kf3 Rxa2 38. Ke3 Rxe4+ 39. Kxe4 Rxb2 40. Kxd3 b3 41. Kc3 Rb1 42. Rcxc2 bxc2 43. Kxc2 Rb4 44. f3 Rf4 45. Rd5 f6 46. Rd3 Kf7 47. Kd2 Ra4 48. Ke3 Ke6 49. Kf2 a5 50. Kg3 Rb4 51. h4 gxh4+ 52. Kxh4 Rb8 53. Re3+ Kf7 54. g5 a4 55. gxf6 Kxf6 56. Ra3 Rb4+ 57. Kg3 Ke5 58. Kf2 Kd4 59. Ke2 Kc4 60. Kd2 Rb2+ 1/2-1/2

[Event "Izhevsk Corporation Cup 5th"]
[Site "Izhevsk"]
[Date "2013.07.12"]
[Round "1"]
[White "Poniaev, Ruslan"]
[Black "Fucito, Giovanni"]
[Result "1-0"]
[WhiteElo "2289"]
[BlackElo "1819"]
[PlyCount "43"]
[EventDate "2013.07.11"]
[EventType "swiss"]
[EventRounds "9"]
[EventCountry "RUS"]
[SourceTitle "EXT 2014"]
[Source "ChessBase"]
[SourceDate "2013.11.20"]
[SourceVersion "1"]
[SourceVersionDate "2013.11.20"]
[SourceQuality "1"]

1. e4 c5 2. Nf3 d6 3. d4 cxd4 4. Nxd4 Nf6 5. Nc3 a6 6. Bg5 e6 7. f4 Nbd7 8. Qf3 Be7 9. 0-0-0 0-0 10. g4 e5 11. Nf5 h6 12. Bxh6 gxh6 13. Nxh6+ Kg7 14. Nf5+ Kg8 15. g5 Nh7 16. Qh5 Bxg5 17. fxg5 Kh8 18. Rg1 Rg8 19. Nxd6 Rg7 20. Nxf7+ Rxf7 21. Qxf7 Nxg5 22. Rd3 1-0

[Event "Izhevsk Corporation Cup-A 4th"]
[Site "Izhevsk"]
[Date "2012.07.18"]
[Round "4"]
[White "Ermolaev, Evgeny"]
[Black "Poniaev, Ruslan"]
[Result "1/2-1/2"]
[WhiteElo "2116"]
[BlackElo "2300"]
[PlyCount "86"]
[EventDate "2012.07.15"]
[EventType "swiss"]
[EventRounds "9"]
[EventCountry "RUS"]
[SourceTitle "EXT 2013"]
[Source "ChessBase"]
[SourceDate "2012.11.22"]
[SourceVersion "1"]
[SourceVersionDate "2012.11.22"]
[SourceQuality "1"]

1. e4 d5 2. exd5 Nf6 3. d4 Nxd5 4. c4 Nb6 5. Nc3 e5 6. d5 c6 7. Nf3 Bb4 8. Qb3 Bxc3+ 9. Qxc3 0-0 10. dxc6 Nxc6 11. Be3 e4 12. Rd1 Qe7 13. Nd4 Ne5 14. Be2 Na4 15. Qd2 Nc5 16. 0-0 Ncd3 17. b3 Nc5 18. Nb5 Bg4 19. Bxg4 Nxg4 20. Nc3 b6 21. Bxc5 bxc5 22. Qd7 Qxd7 23. Rxd7 f5 24. Na4 Nf6 25. Rd6 Rac8 26. Rfd1 Rfe8 27. Nc3 Kf7 28. Nd5 Nxd5 29. R1xd5 g6 30. Kf1 Rc7 31. Ke2 Re6 32. Rxe6 Kxe6 33. f3 exf3+ 34. Kxf3 Rc6 35. Kg3 g5 36. Kf3 Ra6 37. Rxc5 Rxa2 38. g4 fxg4+ 39. Kxg4 Rg2+ 40. Kh3 Rb2 41. Kg4 Rxb3 42. Kxg5 Rh3 43. Rc7 Rxh2 1/2-1/2

[Event "Nezhmetdinov Memorial 32nd"]
[Site "Kazan"]
[Date "2010.06.04"]
[Round "5"]
[White "Predke, Alexandr"]
[Black "Poniaev, Ruslan"]
[Result "1/2-1/2"]
[WhiteElo "2417"]
[BlackElo "2256"]
[PlyCount "88"]
[EventDate "2010.05.31"]
[EventType "swiss"]
[EventRounds "9"]
[EventCountry "RUS"]
[SourceTitle "CBM 136 Extra"]
[Source "ChessBase"]
[SourceDate "2010.07.02"]
[SourceVersion "2"]
[SourceVersionDate "2010.07.15"]
[SourceQuality "1"]

1. e4 e5 2. Nf3 Nc6 3. Bc4 Nf6 4. 0-0 Nxe4 5. Qe1 d5 6. Bb5 f6 7. d4 Be7 8. dxe5 0-0 9. Nbd2 Nxd2 10. Bxd2 Nxe5 11. Nxe5 fxe5 12. Qxe5 Bf6 13. Qe2 Bxb2 14. Rab1 Bd4 15. Bd3 Qh4 16. Kh1 Bg4 17. f3 Rae8 18. Be1 Qh6 19. Qd2 Qxd2 20. Bxd2 Bc8 21. a4 b6 22. Bb5 Re6 23. c4 Bb7 24. Rbd1 c5 25. cxd5 Bxd5 26. Bc3 Rf4 27. Bd2 Rh4 28. Bg5 Rh5 29. h4 Rg6 30. g4 Rgxg5 31. gxh5 Rxh5 32. Kg2 Rxh4 33. Rde1 Kf7 34. Be8+ Kf6 35. Kg3 g5 36. f4 Rxf4 37. Rxf4+ gxf4+ 38. Kxf4 c4 39. Bh5 c3 40. Bd1 a6 41. Bc2 h5 42. Re8 Bc6 43. Rh8 Be5+ 44. Ke3 Ke7 1/2-1/2

[Event "Nezhmetdinov Memorial 32nd"]
[Site "Kazan"]
[Date "2010.06.03"]
[Round "4"]
[White "Poniaev, Ruslan"]
[Black "Faizrakhmanov, Ilmir"]
[Result "1-0"]
[WhiteElo "2256"]
[BlackElo "1912"]
[PlyCount "57"]
[EventDate "2010.05.31"]
[EventType "swiss"]
[EventRounds "9"]
[EventCountry "RUS"]
[SourceTitle "CBM 136 Extra"]
[Source "ChessBase"]
[SourceDate "2010.07.02"]
[SourceVersion "2"]
[SourceVersionDate "2010.07.15"]
[SourceQuality "1"]

1. d4 d5 2. c4 c6 3. Nf3 Nf6 4. e3 e6 5. b3 Nbd7 6. Bb2 Bd6 7. Nbd2 0-0 8. Bd3 Qe7 9. Qc2 h6 10. Ne5 Bc7 11. Ndf3 dxc4 12. Nxc4 b6 13. 0-0 Bb7 14. e4 c5 15. Qe2 cxd4 16. Nxd4 Nc5 17. Ba3 Bxe4 18. Bxe4 Bxh2+ 19. Kxh2 Qc7+ 20. Kg1 Nfxe4 21. Rac1 Rfd8 22. Rfd1 Rd5 23. b4 Qf4 24. bxc5 Rh5 25. Qf3 Qh4 26. g3 Qh2+ 27. Kf1 Nxf2 28. Qxa8+ Kh7 29. Qg2 1-0

[Event "Nezhmetdinov Memorial 32nd"]
[Site "Kazan"]
[Date "2010.06.02"]
[Round "3"]
[White "Sharafiev, Azat"]
[Black "Poniaev, Ruslan"]
[Result "1/2-1/2"]
[WhiteElo "2447"]
[BlackElo "2256"]
[PlyCount "35"]
[EventDate "2010.05.31"]
[EventType "swiss"]
[EventRounds "9"]
[EventCountry "RUS"]
[SourceTitle "CBM 136 Extra"]
[Source "ChessBase"]
[SourceDate "2010.07.02"]
[SourceVersion "2"]
[SourceVersionDate "2010.07.15"]
[SourceQuality "1"]

1. d4 Nf6 2. Nf3 g6 3. c4 Bg7 4. Nc3 0-0 5. e4 d6 6. Be2 e5 7. 0-0 Na6 8. Be3 Ng4 9. Bg5 Qe8 10. h3 h6 11. Bh4 Nf6 12. dxe5 dxe5 13. Nd5 Nxe4 14. Be7 c6 15. Bxf8 Qxf8 16. Ne3 Be6 17. Ng4 Qc5 18. Nd2 1/2-1/2

[Event "Nezhmetdinov Memorial 32nd"]
[Site "Kazan"]
[Date "2010.06.01"]
[Round "2"]
[White "Kabanov, Nikolai"]
[Black "Poniaev, Ruslan"]
[Result "1/2-1/2"]
[WhiteElo "2517"]
[BlackElo "2256"]
[PlyCount "137"]
[EventDate "2010.05.31"]
[EventType "swiss"]
[EventRounds "9"]
[EventCountry "RUS"]
[SourceTitle "CBM 136 Extra"]
[Source "ChessBase"]
[SourceDate "2010.07.02"]
[SourceVersion "2"]
[SourceVersionDate "2010.07.15"]
[SourceQuality "1"]

1. e4 e5 2. Nf3 Nc6 3. Bb5 f5 4. d3 fxe4 5. dxe4 Nf6 6. 0-0 Bc5 7. Nc3 0-0 8. Bg5 d6 9. Nd5 Kh8 10. Bc4 Na5 11. Bd3 Nc6 12. Nh4 Be6 13. Bxf6 gxf6 14. Qh5 Rf7 15. Kh1 Qg8 16. f4 Bg4 17. Qh6 Qg7 18. Qxg7+ Kxg7 19. f5 Rd7 20. c3 Ne7 21. Nxe7 Rxe7 22. h3 Bh5 23. g4 Bf7 24. g5 d5 25. Nf3 Rd8 26. b4 Bb6 27. a4 a6 28. a5 Ba7 29. Nh2 Ree8 30. h4 Bh5 31. Ra2 c6 32. Rg2 Be3 33. Be2 Bxe2 34. Rxe2 Bf4 35. Ng4 fxg5 36. hxg5 Bxg5 37. exd5 Rxd5 38. f6+ Kf7 39. c4 Rd2 40. Nxe5+ Kf8 41. Re4 Red8 42. f7 R2d4 43. Re2 Rf4 44. Rg1 Rh4+ 45. Kg2 Rd2 46. Rxd2 Bxd2 47. Rd1 Bxb4 48. Rd7 Re4 49. Nd3 Bxa5 50. Rxb7 Re7 51. Rb8+ Kxf7 52. Ra8 Re3 53. Rxa6 Rxd3 54. Rxa5 Ke6 55. Rh5 Rd4 56. Rh6+ Kd7 57. Kf3 Kc7 58. Rxh7+ Kb6 59. Ke3 Kc5 60. Rh6 Rd8 61. Rg6 Rh8 62. Kd3 Rh3+ 63. Kc2 Rh4 64. Kb3 Rh3+ 65. Kc2 Ra3 66. Rh6 Ra4 67. Kd3 Rxc4 68. Rxc6+ Kxc6 69. Kxc4 1/2-1/2

[Event "RUS-chT2 17th"]
[Site "Dagomys"]
[Date "2010.04.08"]
[Round "7"]
[White "Poniaev, Ruslan"]
[Black "Lyaskovsky, Valentin"]
[Result "1-0"]
[WhiteElo "2265"]
[BlackElo "2271"]
[PlyCount "103"]
[EventDate "2010.04.01"]
[EventType "team-tourn"]
[EventRounds "7"]
[EventCountry "RUS"]
[SourceTitle "CBM 135 Extra"]
[Source "ChessBase"]
[SourceDate "2010.05.04"]
[SourceVersion "1"]
[SourceVersionDate "2010.05.04"]
[SourceQuality "1"]

1. e4 c5 2. Nf3 d6 3. d4 cxd4 4. Nxd4 Nf6 5. Nc3 Nc6 6. Bg5 e6 7. Qd2 a6 8. 0-0-0 Be7 9. f3 Nxd4 10. Qxd4 b5 11. g4 0-0 12. Be3 Bb7 13. g5 Nd7 14. h4 Rc8 15. Be2 Ne5 16. Kb1 Nc4 17. Bxc4 Rxc4 18. Qd3 Qc7 19. Bd4 Rc8 20. Rd2 d5 21. e5 Bc5 22. Bxc5 Rxc5 23. Re1 b4 24. Nd1 Bc6 25. Qe2 Ba4 26. b3 Bb5 27. Qf2 Bd3 28. Ne3 Bg6 29. h5 Bxh5 30. f4 Bg6 31. f5 Bxf5 32. Nxf5 exf5 33. Qxf5 g6 34. Qf2 d4 35. Qe2 Qe7 36. e6 Rxg5 37. exf7+ Qxf7 38. Rxd4 a5 39. Qd2 Qf6 40. Rd6 Qc3 41. Rd8+ Rxd8 42. Qxd8+ Kg7 43. Qe7+ Kh6 44. Qf8+ Kh5 45. Rh1+ Kg4 46. Qf2 Qg3 47. Rg1 Qxg1+ 48. Qxg1+ Kf5 49. Qf2+ Ke6 50. Qb6+ Kf7 51. Qc7+ Kf6 52. Qd8+ 1-0

[Event "RUS-chT2 17th"]
[Site "Dagomys"]
[Date "2010.04.07"]
[Round "6"]
[White "Poniaev, Ruslan"]
[Black "Nikolaev, Nikita"]
[Result "1-0"]
[WhiteElo "2265"]
[BlackElo "2411"]
[PlyCount "105"]
[EventDate "2010.04.01"]
[EventType "team-tourn"]
[EventRounds "7"]
[EventCountry "RUS"]
[SourceTitle "CBM 135 Extra"]
[Source "ChessBase"]
[SourceDate "2010.05.04"]
[SourceVersion "1"]
[SourceVersionDate "2010.05.04"]
[SourceQuality "1"]

1. e4 Nc6 2. Nf3 d6 3. d4 g6 4. d5 Nb8 5. c4 Nf6 6. Nc3 Bg7 7. Bd3 0-0 8. 0-0 Bg4 9. h3 Bxf3 10. Qxf3 Nbd7 11. Qe2 c6 12. Bd2 a5 13. b3 Nc5 14. Bc2 e6 15. dxe6 Nxe6 16. Rad1 Nd7 17. Qd3 Qh4 18. Ne2 Ndc5 19. Qg3 Qh5 20. Qg4 Qxg4 21. hxg4 Nd4 22. Nxd4 Bxd4 23. Bh6 Bg7 24. Bxg7 Kxg7 25. Rxd6 Rfe8 26. f3 f6 27. Rfd1 Re7 28. Kf2 g5 29. g3 h6 30. a3 Rc8 31. Rd8 Rxd8 32. Rxd8 Rd7 33. Rxd7+ Nxd7 34. b4 axb4 35. axb4 Kf7 36. f4 Ke7 37. c5 b6 38. cxb6 Nxb6 39. Ke3 Kd6 40. Kd4 Nd7 41. Ba4 gxf4 42. gxf4 Nb6 43. e5+ fxe5+ 44. fxe5+ Kc7 45. Bb3 Nc8 46. Kc5 Nb6 47. e6 Nc8 48. Ba4 Ne7 49. Bc2 Nd5 50. Be4 Nf4 51. Bf5 Nd5 52. b5 Nf6 53. b6+ 1-0

[Event "Nabereznye Chelny op 8th"]
[Site "Nabereznye Chelny"]
[Date "2010.01.27"]
[Round "9"]
[White "Akhmadeev, Vadim"]
[Black "Poniaev, Ruslan"]
[Result "1-0"]
[WhiteElo "2429"]
[BlackElo "2266"]
[PlyCount "30"]
[EventDate "2010.01.19"]
[EventType "swiss"]
[EventRounds "9"]
[EventCountry "RUS"]
[SourceTitle "CBM 134 Extra"]
[Source "ChessBase"]
[SourceDate "2010.03.03"]
[SourceVersion "1"]
[SourceVersionDate "2010.03.03"]
[SourceQuality "1"]

1. d4 Nf6 2. c4 g6 3. Nc3 Bg7 4. e4 d6 5. f3 0-0 6. Be3 Nc6 7. Qd2 a6 8. Nge2 Rb8 9. h4 b5 10. h5 e5 11. d5 Na5 12. Ng3 bxc4 13. Na4 c5 14. dxc6 Be6 15. Ba7 Nxc6 1-0

[Event "Nabereznye Chelny op 8th"]
[Site "Nabereznye Chelny"]
[Date "2010.01.25"]
[Round "7"]
[White "Darmin, Dmitry"]
[Black "Poniaev, Ruslan"]
[Result "1/2-1/2"]
[WhiteElo "2364"]
[BlackElo "2266"]
[PlyCount "65"]
[EventDate "2010.01.19"]
[EventType "swiss"]
[EventRounds "9"]
[EventCountry "RUS"]
[SourceTitle "CBM 134 Extra"]
[Source "ChessBase"]
[SourceDate "2010.03.03"]
[SourceVersion "1"]
[SourceVersionDate "2010.03.03"]
[SourceQuality "1"]

1. e4 c5 2. Nf3 Nc6 3. c3 Nf6 4. e5 Nd5 5. d4 cxd4 6. cxd4 d6 7. exd6 Qxd6 8. Nc3 Nxc3 9. bxc3 g6 10. Be2 Bg7 11. 0-0 0-0 12. a4 b6 13. Re1 Rd8 14. Bg5 Be6 15. Bh4 Na5 16. Ba6 Re8 17. Bg3 Qd5 18. Ne5 Rad8 19. Bb5 Rf8 20. Bh4 Bxe5 21. Rxe5 Qxe5 22. dxe5 Rxd1+ 23. Rxd1 f6 24. exf6 exf6 25. Rd6 Kf7 26. f3 Ke7 27. Rd3 Rc8 28. Bg3 Nc4 29. Kf2 Nb2 30. Rd2 Nc4 31. Rd3 Nb2 32. Rd2 Nc4 33. Rd3 1/2-1/2

[Event "Nabereznye Chelny op 8th"]
[Site "Nabereznye Chelny"]
[Date "2010.01.21"]
[Round "3"]
[White "Poniaev, Ruslan"]
[Black "Predke, Alexandr"]
[Result "0-1"]
[WhiteElo "2266"]
[BlackElo "2402"]
[PlyCount "70"]
[EventDate "2010.01.19"]
[EventType "swiss"]
[EventRounds "9"]
[EventCountry "RUS"]
[SourceTitle "CBM 134 Extra"]
[Source "ChessBase"]
[SourceDate "2010.03.03"]
[SourceVersion "1"]
[SourceVersionDate "2010.03.03"]
[SourceQuality "1"]

1. d4 Nf6 2. c4 e6 3. Nc3 Bb4 4. e3 0-0 5. Nge2 d5 6. a3 Be7 7. cxd5 exd5 8. g3 c6 9. Bg2 Re8 10. 0-0 Na6 11. Nf4 Nc7 12. b3 Bd6 13. Nd3 Bf5 14. f3 Bg6 15. g4 Ne6 16. Nf4 Qc7 17. Nxe6 Rxe6 18. g5 Bxh2+ 19. Kh1 Qg3 20. Qe1 Qxe1 21. Rxe1 Bg3 22. Rf1 Ne8 23. Bh3 Re7 24. f4 Nd6 25. Ne2 Be4+ 26. Bg2 Nf5 27. Bxe4 Rxe4 28. Kg2 Bh4 29. Kf3 Rae8 30. Kg4 g6 31. Ra2 Rxe3 32. Bxe3 Nxe3+ 33. Kxh4 Nxf1 34. Nc3 Re3 35. Na4 Ng3 0-1

[Event "RUS-chT U26"]
[Site "Belgorod"]
[Date "2008.10.05"]
[Round "1"]
[White "Forova, Tatiana"]
[Black "Poniaev, Ruslan"]
[Result "0-1"]
[WhiteElo "1868"]
[BlackElo "2269"]
[PlyCount "58"]
[EventDate "2008.10.05"]
[EventType "team"]
[EventRounds "9"]
[EventCountry "RUS"]
[SourceTitle "EXT 2010"]
[Source "ChessBase"]
[SourceDate "2010.11.25"]
[SourceVersion "1"]
[SourceVersionDate "2010.11.25"]
[SourceQuality "1"]

1. e4 c5 2. Nf3 d6 3. c3 Nf6 4. Be2 Nc6 5. d3 g6 6. 0-0 Bg7 7. Be3 0-0 8. Nbd2 e5 9. Ne1 Ne8 10. f4 f5 11. Nc2 Nf6 12. Bf3 Bh6 13. fxe5 Bxe3+ 14. Nxe3 dxe5 15. Qc2 f4 16. Nd5 g5 17. Nb3 g4 18. Nxf6+ Rxf6 19. Bd1 b6 20. Nc1 Rh6 21. Qf2 Qg5 22. g3 Rf6 23. Nb3 Ba6 24. Bc2 Raf8 25. Qd2 Qg7 26. Qe2 h5 27. c4 h4 28. Bd1 hxg3 29. hxg3 f3 0-1

[Event "Udmurtia-ch"]
[Site "Izhevsk"]
[Date "2007.12.16"]
[Round "11"]
[White "Poniaev, Ruslan"]
[Black "Ozolin, Maxim"]
[Result "1/2-1/2"]
[WhiteElo "2305"]
[BlackElo "2387"]
[PlyCount "34"]
[EventDate "2007.12.06"]
[EventType "tourn"]
[EventRounds "11"]
[EventCountry "RUS"]
[SourceTitle "CBM 122 Extra"]
[Source "ChessBase"]
[SourceDate "2008.03.04"]
[SourceVersion "1"]
[SourceVersionDate "2008.03.04"]
[SourceQuality "1"]

1. d4 Nf6 2. c4 g6 3. Nc3 Bg7 4. e4 d6 5. Nf3 0-0 6. Be2 e5 7. 0-0 Nc6 8. d5 Ne7 9. Ne1 Nd7 10. f3 f5 11. g4 Nf6 12. Ng2 c5 13. a3 Bd7 14. h4 a6 15. Rb1 Rb8 16. b4 b6 17. Bd2 Qc8 1/2-1/2

[Event "Privolzhskogo FO-ch U18"]
[Site "Oktjabrsky"]
[Date "2004.11.??"]
[Round "7"]
[White "Khakimov, Timur"]
[Black "Poniaev, Ruslan"]
[Result "1-0"]
[WhiteElo "2196"]
[BlackElo "2224"]
[PlyCount "81"]
[EventDate "2004.11.??"]
[EventType "swiss"]
[EventRounds "9"]
[EventCountry "RUS"]
[SourceTitle "EXT 2006"]
[Source "ChessBase"]
[SourceDate "2005.11.24"]
[SourceVersion "1"]
[SourceVersionDate "2005.11.24"]
[SourceQuality "1"]

1. e4 c5 2. Nf3 Nc6 3. Bb5 d6 4. 0-0 Bd7 5. c3 Nf6 6. Re1 a6 7. Bf1 e5 8. h3 Be7 9. d4 0-0 10. dxc5 dxc5 11. Bg5 Be6 12. Nbd2 b5 13. Nh4 g6 14. Qf3 Kg7 15. Rad1 h6 16. Bxf6+ Bxf6 17. Nf5+ Kh7 18. Nb3 Qb6 19. Nxh6 Bg7 20. Ng4 c4 21. Nc1 f5 22. exf5 gxf5 23. Ne3 e4 24. Qh5+ Kg8 25. Rd6 Rf6 26. Qg5 Qc7 27. Red1 Raf8 28. Ne2 Ne5 29. Nf4 Nf7 30. Qxf6 Bxf6 31. Nxe6 Qb8 32. Nxf8 Nxd6 33. Nd7 Qc7 34. Nxf6+ Kf7 35. Nfd5 Qc5 36. Be2 Kg6 37. Ne7+ Kf6 38. Rd5 Qc7 39. N7xf5 Nxf5 40. Rxf5+ Kg6 41. Bh5+ 1-0